LEADER 03818oam 2200697I 450 001 9910780305003321 005 20230422042841.0 010 $a0-429-15291-4 010 $a1-4822-8355-7 010 $a1-280-07922-3 010 $a9786610079223 010 $a0-203-30491-8 024 7 $a10.1201/9781482283556 035 $a(CKB)111087028328386 035 $a(EBL)181558 035 $a(OCoLC)437084408 035 $a(SSID)ssj0000114278 035 $a(PQKBManifestationID)11140345 035 $a(PQKBTitleCode)TC0000114278 035 $a(PQKBWorkID)10102549 035 $a(PQKB)10327060 035 $a(MiAaPQ)EBC181558 035 $a(Au-PeEL)EBL181558 035 $a(CaPaEBR)ebr10061085 035 $a(CaONFJC)MIL7922 035 $a(OCoLC)1000426512 035 $a(EXLCZ)99111087028328386 100 $a20180706d2000 uy 0 101 0 $aeng 135 $aur|n|---||||| 181 $ctxt 182 $cc 183 $acr 200 00$aBrain dynamics and the striatal complex /$fedited by R. Miller and J.R. Wickens 210 1$aAmsterdam, Netherlands :$cHarwood Academic Publishers,$d2000. 215 $a1 online resource (324 p.) 225 1 $aConceptual advances in brain research,$x1029-2136 ;$vv. 1 300 $aDescription based upon print version of record. 311 $a90-5702-478-0 320 $aIncludes bibliographical references and index. 327 $aBook Cover; Title; Contents; Series Preface; Preface; List of Contributors; Relationships of Substantia Nigra Dopamine Neurone Activity to Behaviour; The Role of Dopamine in the Control of Locomotor Activity and Reward-Related Incentive Learning; Stimulants and Motor-Related Striatal Neuronal Activity; Dopamine Regulation of Synaptic Plasticity in the Neostriatum: A Cellular Model of Reinforcement; The Amygdaloid Complex: Input Processor for the Midbrain Dopaminergic Nuclei and the Striatum; Synaptology and Physiology of Neostriatal Neurones 327 $aNeural Dynamics and Surround Inhibition in the Neostriatum: A Possible ConnectionThe Domain Hypothesis: A Central Organizing Principle for Understanding Neostriatal Circuitry?; Adaptive Classification of Cortical Input to the Striatum by Competitive Learning; Insights from Gene Regulation into the Functional Role of Dopamine in the Striatum; Dopaminergic Regulation of Striatal Physiology; Striatal Contention Scheduling and the Split Circuit Scheme of Basal Ganglia-Thalamocortical Circuitry: From Anatomy to Behaviour; Motor and Non-Motor Roles of the Cortico-Basal Ganglia Circuitry 327 $aDiscussion SectionPOSTLUDE Striatal Circuitry: Categorically Selective, or Selectively Categorical?; Index 330 $aBrain Dynamics and the Striatal Complex, the first volume in the Conceptual Advances in Brain Research book series, relates dynamic function to cellular structure and synaptic organization in the basal ganglia. The striatum is the largest nucleus within the basal ganglia and therefore plays an important role in understanding structure/function relationships. Areas covered include dopaminergic input to the striatum, organization of the striatum, and the interaction between the striatum and the cerebral cortex. 410 0$aConceptual advances in brain research ;$vv. 1. 606 $aCorpus striatum 606 $aDopaminergic mechanisms 606 $aCerebral cortex 615 0$aCorpus striatum. 615 0$aDopaminergic mechanisms. 615 0$aCerebral cortex. 676 $a612.82 701 $aMiller$b Robert$f1943 Aug. 29-$01462507 701 $aWickens$b J$g(Jeff)$01462508 801 0$bMiAaPQ 801 1$bMiAaPQ 801 2$bMiAaPQ 906 $aBOOK 912 $a9910780305003321 996 $aBrain dynamics and the striatal complex$93671526 997 $aUNINA LEADER 02939oam 2200637 c 450 001 9910563005003321 005 20250513224751.0 024 7 $a10.3726/b13609 035 $a(CKB)5450000000173919 035 $a(oapen)https://directory.doabooks.org/handle/20.500.12854/39712 035 $a(PH02)9783631750537 035 $a(oapen)doab39712 035 $a(EXLCZ)995450000000173919 100 $a20240525h20182008 uy 0 101 0 $ager 135 $aurnnunnnannuu 181 $ctxt$2rdacontent 182 $cc$2rdamedia 183 $acr$2rdacarrier 200 00$aNicht-monetäre Inflationsursachen in Russland$eEine empirische Analyse$fBert Rürup, Bert Rürup, Zulia Gubaydullina 205 $a1st, New ed. 210 $aFrankfurt a.M$cPH02$d2018 210 $d2018, c2008 215 $a1 online resource (174 p.)$c, EPDF 225 0 $aSozialo?konomische Schriften$v32 300 $aPeter Lang GmbH, Internationaler Verlag der Wissenschaften 311 08$a3-631-75053-6 327 $aAus dem Inhalt: O?konometrische Untersuchung - Inflationsursachen - Geldmenge - Fiskalische Inflationstheorie - Balassa-Samuelsen-Effekt - Geldscho?pfung durch Nicht-Banken - Wechselkurs - Vera?nderung der relativen Preise - Lohnsetzung. 330 $aSeit langer Zeit konkurrieren moneta?re und nicht-moneta?re Ursachen bei der Erkla?rung von Inflation. Wa?hrend Milton Friedman («Inflation is always and everywhere a monetary phenomenon») die erste Position vertritt, finden z.B. Paul Samuelson oder John Cochrane auch Argumente fu?r nicht-moneta?re Ursachen. Die Arbeit untersucht in Bezug auf Russland, zwischen 1992 und 2004, ob die nicht-moneta?ren Ursachen der Inflation empirisch relevant sind. Russland ist fu?r diese Frage insofern von besonderer Bedeutung, als es ein Paradebeispiel fu?r das Vorkommen nicht-moneta?rer Inflationsursachen bietet: Die Ergebnisse der o?konometrischen Untersuchung besta?tigen, dass die nicht-moneta?ren Inflationsursachen eine wichtige Rolle in der Inflationsentwicklung spielen. 517 $aNicht-monetaere Inflationsursachen in Russland 606 $aPolitics & government$2bicssc 606 $aEconomics$2bicssc 610 $aAnalyse 610 $aEine 610 $aempirische 610 $aFiskalpolitik 610 $aGeldpolitik 610 $aGubaydullina 610 $aInflation 610 $aInflationsursachen 610 $amonetäre 610 $aNicht 610 $aÖkonometrische Untersuchung 610 $aRussland 610 $aTransformationsökonomie 615 7$aPolitics & government 615 7$aEconomics 700 $aGubaydullina$b Zulia$4auth$01290958 702 $aRu?rup$b Bert$4edt 702 $aGubaydullina$b Zulia$4aut 801 0$bPH02 801 1$bPH02 906 $aBOOK 912 $a9910563005003321 996 $aNicht-moneta?re Inflationsursachen in Russland$94175729 997 $aUNINA